00458nam a22001572 4500001001100000005001700011008004100028040001500069100003400084245005200118250001300170260003300183300001200216650006900228852000300297000001168420151217155845.0081222s xx 000 0 eng d aKABUcKABU1 aWienholt, Arnold.@000016765214aThe Story of a lion hunt /cby Arnold Wienholt. a1st ed. aLondon :bA. Milrose,c1922. a252 p. 0aWorld War, 1914-1918xCampaignszGerman East Africa.@00001614491